Graphic communications today (Record no. 17894)

MARC details
000 -LEADER
fixed length control field 00356nam a2200145Ia 4500
008 - FIXED-LENGTH DATA ELEMENTS--GENERAL INFORMATION
fixed length control field 230312s9999||||xx |||||||||||||| ||und||
020 ## - INTERNATIONAL STANDARD BOOK NUMBER
International Standard Book Number 9781305950849
082 ## - DEWEY DECIMAL CLASSIFICATION NUMBER
Classification number 384.097
Item number STR-U
100 ## - MAIN ENTRY--PERSONAL NAME
Personal name Ryan,William
245 #0 - TITLE STATEMENT
Title Graphic communications today
260 ## - PUBLICATION, DISTRIBUTION, ETC.
Name of publisher, distributor, etc. Cengage
Place of publication, distribution, etc. USA
Date of publication, distribution, etc. 2018
300 ## - PHYSICAL DESCRIPTION
Extent 582
650 ## - SUBJECT ADDED ENTRY--TOPICAL TERM
Topical term or geographic name entry element Mass media
Form subdivision Mass media
942 ## - ADDED ENTRY ELEMENTS (KOHA)
Koha item type BOOK
Holdings
Withdrawn status Lost status Source of classification or shelving scheme Damaged status Not for loan Home library Current library Date acquired Total Checkouts Full call number Barcode Date last seen Price effective from Koha item type
    Dewey Decimal Classification     Superior Information Resource Center (SIRC) Superior University- Gold Campus Superior Information Resource Center (SIRC) Superior University- Gold Campus 03/13/2023   384.097 STR-U 18795 03/13/2023 03/13/2023 BOOK

Powered by Koha